000 01389nam a2200229Ia 4500
001 a2119-53375
003 IT-MiCISF
005 20240718124204.0
008 161014s9999||||xx |||||||||||||| ||und||
040 _aIT-MiCISF
_cIT-MiCISF
041 _ait
100 _aBonetti Renzo
_956620
245 0 _aIn famiglia la fede fa la differenza
260 _a Cantalupa (To),
_bEffatà,
_c2016
300 _app. 143
500 _afamiglia, fede, spiritualità-familiare, chiesa, fecondità, malattia, morte, lavoro
520 _aIn queste pagine l'A. ci fa vedere, respirare, sperimentare che la fede fa la differenza nel modo con cui si vive il proprio essere coppia, il proprio essere famiglia, nella vita concreta. Il punto non è solamente essere una buona coppia, ma una coppia che vive il suo collegamento alla sorgente dell'amore, che è l'essere immagine e somiglianza di Dio. La fede fa la differenza sempre: nello sguardo da avere sui propri figli e su qualsiasi figlio, ma anche sulla vita che si sta spegnendo; nell'affrontare le difficoltà di coppia, quelle dovute ai figli e quelle esterne alla famiglia. La fede fa la differenza anche nello scopo ultimo del far famiglia: sarà infatti la bellezza, secondo l'A., che riconvertirà le giovani generazioni alla vita di coppia e di famiglia.
650 _afamiglia
654 _asaggio
942 _cBK
_2ddc
999 _c217044
_d217044
999 _bsi